|
|
|
|
| LEADER |
03253nam a2200529 4500 |
| 001 |
978-3-319-99316-4 |
| 003 |
DE-He213 |
| 005 |
20191022161750.0 |
| 007 |
cr nn 008mamaa |
| 008 |
180823s2019 gw | s |||| 0|eng d |
| 020 |
|
|
|a 9783319993164
|9 978-3-319-99316-4
|
| 024 |
7 |
|
|a 10.1007/978-3-319-99316-4
|2 doi
|
| 040 |
|
|
|d GrThAP
|
| 050 |
|
4 |
|a Q342
|
| 072 |
|
7 |
|a UYQ
|2 bicssc
|
| 072 |
|
7 |
|a TEC009000
|2 bisacsh
|
| 072 |
|
7 |
|a UYQ
|2 thema
|
| 082 |
0 |
4 |
|a 006.3
|2 23
|
| 245 |
1 |
0 |
|a Biologically Inspired Cognitive Architectures 2018
|h [electronic resource] :
|b Proceedings of the Ninth Annual Meeting of the BICA Society /
|c edited by Alexei V. Samsonovich.
|
| 250 |
|
|
|a 1st ed. 2019.
|
| 264 |
|
1 |
|a Cham :
|b Springer International Publishing :
|b Imprint: Springer,
|c 2019.
|
| 300 |
|
|
|a XV, 362 p. 135 illus.
|b online resource.
|
| 336 |
|
|
|a text
|b txt
|2 rdacontent
|
| 337 |
|
|
|a computer
|b c
|2 rdamedia
|
| 338 |
|
|
|a online resource
|b cr
|2 rdacarrier
|
| 347 |
|
|
|a text file
|b PDF
|2 rda
|
| 490 |
1 |
|
|a Advances in Intelligent Systems and Computing,
|x 2194-5357 ;
|v 848
|
| 520 |
|
|
|a The book focuses on original approaches intended to support the development of biologically inspired cognitive architectures. It bridges together different disciplines, from classical artificial intelligence to linguistics, from neuro- and social sciences to design and creativity, among others. The chapters, based on contributions presented at the Ninth Annual Meeting of the BICA Society, held in on August 23-24, 2018, in Prague, Czech Republic, discuss emerging methods, theories and ideas towards the realization of general-purpose humanlike artificial intelligence or fostering a better understanding of the ways the human mind works. All in all, the book provides engineers, mathematicians, psychologists, computer scientists and other experts with a timely snapshot of recent research and a source of inspiration for future developments in the broadly intended areas of artificial intelligence and biological inspiration.
|
| 650 |
|
0 |
|a Computational intelligence.
|
| 650 |
|
0 |
|a Artificial intelligence.
|
| 650 |
|
0 |
|a Neurosciences.
|
| 650 |
|
0 |
|a Cognitive psychology.
|
| 650 |
|
0 |
|a Biometrics (Biology).
|
| 650 |
1 |
4 |
|a Computational Intelligence.
|0 http://scigraph.springernature.com/things/product-market-codes/T11014
|
| 650 |
2 |
4 |
|a Artificial Intelligence.
|0 http://scigraph.springernature.com/things/product-market-codes/I21000
|
| 650 |
2 |
4 |
|a Neurosciences.
|0 http://scigraph.springernature.com/things/product-market-codes/B18006
|
| 650 |
2 |
4 |
|a Cognitive Psychology.
|0 http://scigraph.springernature.com/things/product-market-codes/Y20060
|
| 650 |
2 |
4 |
|a Biometrics.
|0 http://scigraph.springernature.com/things/product-market-codes/I22040
|
| 700 |
1 |
|
|a Samsonovich, Alexei V.
|e editor.
|4 edt
|4 http://id.loc.gov/vocabulary/relators/edt
|
| 710 |
2 |
|
|a SpringerLink (Online service)
|
| 773 |
0 |
|
|t Springer eBooks
|
| 776 |
0 |
8 |
|i Printed edition:
|z 9783319993157
|
| 776 |
0 |
8 |
|i Printed edition:
|z 9783319993171
|
| 830 |
|
0 |
|a Advances in Intelligent Systems and Computing,
|x 2194-5357 ;
|v 848
|
| 856 |
4 |
0 |
|u https://doi.org/10.1007/978-3-319-99316-4
|z Full Text via HEAL-Link
|
| 912 |
|
|
|a ZDB-2-INR
|
| 950 |
|
|
|a Intelligent Technologies and Robotics (Springer-42732)
|